000 01203naa a22002897a 4500
001 BR9406923
003 BR-BrBNA
005 20240918181313.0
007 ta
008 230509b bl.||||| |||| 00| 0 por d
040 _aBR-BrBNA
_bpor
_cBiblioteca Nacional de Agricultura
041 _a(Pt)
072 _aE11; E20
090 _aE11 BR9406923
100 1 _aHartgraves, C.R.
111 1 _aSeminario sobre Planejamento do Desenvolvimento Florestal e do Uso da Terra
_cRio de Janeiro, RJ (Brazil)
_d11-14 Oct 1977
245 1 _aPlanejamento de recursos naturais renovaveis e levantamento do uso da terra
260 3 _aRio de Janeiro, RJ (Brasil):
_c1977.
500 _aAnais do Seminario sobre Planejamento do Desenvolvimento Florestal e do Uso da Terra. V. 2 Rio de Janeiro, RJ (Brasil): 1977. p. 231-259 (BR9406923-AM)E11
650 _aRecurso Natural
650 _aUso da Terra
650 _aPlanejamento Florestal
650 _aAdministracao Florestal
773 0 _tAnais do Seminario sobre Planejamento do Desenvolvimento Florestal e do Uso da Terra. V. 2
_wE11 BR9406923
_gRio de Janeiro, RJ (Brasil), 1977. p. 231-259
909 _a202404
_bLucia
_c55
_dLucia Elande
942 _cAM
_2AGRIS
999 _c324660
_d324660